[Event "H. C. Andersen Mind Games"]
[Site "?"]
[Date "2012.05.17"]
[Round "3.14"]
[White "Hauge, 2071, Lars Oskar"]
[Black "Tari, 2216, Aryan"]
[Result "0-1"]
[BlackElo "2216"]
[WhiteElo "2071"]

1. e4 {[%clk 1:30:59]} c6 {[%clk 1:28:40]} 2. d4 {[%clk 1:31:23]} d5
{[%clk 1:29:07]} 3. e5 {[%clk 1:31:35]} Bf5 {[%clk 1:29:33]} 4. Nc3
{[%clk 1:31:57]} e6 {[%clk 1:30:00]} 5. g4 {[%clk 1:32:17]} Bg6 {[%clk 1:30:29]}
6. Nge2 {[%clk 1:32:39]} c5 {[%clk 1:30:55]} 7. Be3 {[%clk 1:32:54]} Nc6
{[%clk 1:31:23]} 8. dxc5 {[%clk 1:33:08]} Nxe5 {[%clk 1:31:48]} 9. Nf4
{[%clk 1:33:23]} Ne7 {[%clk 1:31:48]} 10. Qe2 {[%clk 1:32:03]} N7c6
{[%clk 1:31:47]} 11. O-O-O {[%clk 1:30:53]} Qa5 {[%clk 1:31:10]} 12. Nfxd5
{[%clk 1:23:00]} exd5 {[%clk 1:31:06]} 13. f4 {[%clk 1:22:47]} O-O-O
{[%clk 1:29:26]} 14. Bg2 {[%clk 0:27:04]} d4 {[%clk 1:13:59]} 15. Bxd4
{[%clk 0:25:53]} Nd3+ {[%clk 1:11:58]} 16. cxd3 {[%clk 0:18:00]} Nxd4
{[%clk 1:12:03]} 17. Qe1 {[%clk 0:18:28]} f6 {[%clk 1:11:28]} 18. c6
{[%clk 0:17:42]} bxc6 0-1

[Event "H. C. Andersen Mind Games"]
[Site "?"]
[Date "2012.05.17"]
[Round "3.15"]
[White "Frisk, 2181, WFM Ellinor"]
[Black "Johansen, 1967, Johnny Holler"]
[Result "1/2-1/2"]
[BlackElo "1967"]
[WhiteElo "2181"]

1. e4 {[%clk 1:30:11]} e6 {[%clk 1:30:51]} 2. d4 {[%clk 1:30:23]} d5
{[%clk 1:31:16]} 3. Nc3 {[%clk 1:30:37]} dxe4 {[%clk 1:30:19]} 4. Nxe4
{[%clk 1:30:09]} Nd7 {[%clk 1:30:32]} 5. Nf3 {[%clk 1:28:32]} Ngf6
{[%clk 1:30:54]} 6. Bg5 {[%clk 1:19:32]} Be7 {[%clk 1:31:15]} 7. Nxf6+
{[%clk 1:19:30]} Nxf6 {[%clk 1:31:35]} 8. Bd3 {[%clk 1:18:43]} O-O
{[%clk 1:31:45]} 9. O-O {[%clk 1:17:15]} h6 {[%clk 1:27:05]} 10. Bh4
{[%clk 1:15:33]} Nd5 {[%clk 1:27:02]} 11. Bg3 {[%clk 1:11:20]} c5
{[%clk 1:24:33]} 12. Qe2 {[%clk 1:03:30]} cxd4 {[%clk 1:22:17]} 13. Nxd4
{[%clk 1:03:33]} Qb6 {[%clk 1:17:50]} 14. c3 {[%clk 0:59:57]} Bd6
{[%clk 1:03:01]} 15. Bxd6 {[%clk 0:53:07]} Qxd6 {[%clk 1:03:25]} 16. Rad1
{[%clk 0:53:05]} Nf4 {[%clk 1:02:01]} 17. Qe4 {[%clk 0:52:03]} Nxd3
{[%clk 0:59:51]} 18. Rxd3 {[%clk 0:51:50]} Rd8 {[%clk 0:52:53]} 19. Rfd1
{[%clk 0:49:29]} Qd5 {[%clk 0:52:44]} 20. Qxd5 {[%clk 0:35:35]} Rxd5
{[%clk 0:53:03]} 21. Nf3 {[%clk 0:34:25]} Rxd3 {[%clk 0:53:13]} 22. Rxd3
{[%clk 0:34:53]} Kf8 {[%clk 0:53:17]} 23. Rd8+ {[%clk 0:34:45]} Ke7
{[%clk 0:53:42]} 24. Rg8 {[%clk 0:35:03]} Kf6 {[%clk 0:53:52]} 25. Kf1
{[%clk 0:34:41]} b6 {[%clk 0:54:16]} 26. Ke1 {[%clk 0:35:04]} Bb7
{[%clk 0:54:35]} 27. Rxa8 {[%clk 0:35:29]} Bxa8 {[%clk 0:55:01]} 28. Ke2
{[%clk 0:35:44]} Bd5 {[%clk 0:55:03]} 29. b3 {[%clk 0:34:21]} e5 {[%clk 0:51:50]}
30. Ke3 {[%clk 0:32:45]} Ke6 {[%clk 0:52:05]} 31. c4 {[%clk 0:28:44]} Bc6
{[%clk 0:51:41]} 32. Ne1 {[%clk 0:29:04]} Kd6 {[%clk 0:47:27]} 33. b4
{[%clk 0:28:18]} a5 {[%clk 0:45:58]} 34. a3 {[%clk 0:28:16]} axb4
{[%clk 0:46:23]} 35. axb4 {[%clk 0:28:42]} g5 {[%clk 0:37:32]} 36. g3
{[%clk 0:28:05]} f5 {[%clk 0:37:04]} 37. Nc2 {[%clk 0:26:29]} f4+
{[%clk 0:37:10]} 38. Kd3 {[%clk 0:23:31]} Be8 {[%clk 0:33:41]} 39. Ne1
{[%clk 0:18:20]} Bg6+ {[%clk 0:33:57]} 40. Kc3 {[%clk 0:18:37]} Be4
{[%clk 0:27:33]} 41. gxf4 {[%clk 0:17:23]} exf4 {[%clk 0:27:49]} 42. Kd4
{[%clk 0:17:36]} Bf5 {[%clk 0:27:42]} 43. Nf3 {[%clk 0:14:47]} g4
{[%clk 0:24:44]} 44. Ne5 {[%clk 0:15:11]} h5 {[%clk 0:24:19]} 45. c5+
{[%clk 0:14:16]} bxc5+ {[%clk 0:24:45]} 46. bxc5+ {[%clk 0:14:42]} Kc7
{[%clk 0:24:16]} 47. Nd3 {[%clk 0:09:40]} Bxd3 {[%clk 0:16:40]} 48. Kxd3
{[%clk 0:10:06]} h4 {[%clk 0:17:04]} 49. Ke4 {[%clk 0:10:14]} g3 {[%clk 0:17:27]}
50. fxg3 {[%clk 0:10:26]} fxg3 {[%clk 0:17:50]} 51. hxg3 {[%clk 0:10:51]} hxg3
{[%clk 0:18:00]} 52. Kf3 {[%clk 0:11:17]} Kc6 {[%clk 0:18:26]} 53. Kxg3
{[%clk 0:11:43]} Kxc5 1/2-1/2

[Event "H. C. Andersen Mind Games"]
[Site "?"]
[Date "2012.05.17"]
[Round "3.16"]
[White "Hansen, 1992, Lars-Henrik Bech"]
[Black "Nielsen, 2163, John Bauneborg"]
[Result "0-1"]
[BlackElo "2163"]
[WhiteElo "1992"]

1. e4 {[%clk 1:22:20]} c5 {[%clk 1:30:43]} 2. Nf3 {[%clk 1:22:30]} Nc6
{[%clk 1:31:09]} 3. Nc3 {[%clk 1:22:32]} e5 {[%clk 1:31:24]} 4. d3
{[%clk 1:20:37]} h6 {[%clk 1:28:12]} 5. h3 {[%clk 1:17:35]} Nf6 {[%clk 1:27:26]}
6. Be3 {[%clk 1:15:28]} d6 {[%clk 1:24:29]} 7. g4 {[%clk 1:13:21]} g5
{[%clk 1:19:55]} 8. Bg2 {[%clk 1:13:25]} Be6 {[%clk 1:19:47]} 9. Qd2
{[%clk 1:06:06]} Qa5 {[%clk 1:16:32]} 10. Ne2 {[%clk 1:05:48]} Qxd2+
{[%clk 1:15:47]} 11. Bxd2 {[%clk 1:04:25]} O-O-O {[%clk 1:10:34]} 12. a3
{[%clk 1:03:34]} d5 {[%clk 1:03:31]} 13. exd5 {[%clk 1:01:36]} Nxd5
{[%clk 1:03:34]} 14. O-O-O {[%clk 1:00:58]} f6 {[%clk 1:00:35]} 15. Nc3
{[%clk 0:59:33]} Nxc3 {[%clk 0:58:06]} 16. Bxc3 {[%clk 0:59:49]} h5
{[%clk 0:57:45]} 17. Nh2 {[%clk 0:59:09]} Nd4 {[%clk 0:55:11]} 18. Bxd4
{[%clk 0:54:01]} Rxd4 {[%clk 0:53:47]} 19. Be4 {[%clk 0:52:51]} Kc7
{[%clk 0:50:13]} 20. Rdg1 {[%clk 0:52:38]} c4 {[%clk 0:41:01]} 21. f3
{[%clk 0:51:03]} cxd3 {[%clk 0:39:27]} 22. cxd3 {[%clk 0:51:17]} Bc5
{[%clk 0:32:40]} 23. Rg2 {[%clk 0:49:51]} a5 {[%clk 0:29:32]} 24. Kb1
{[%clk 0:48:41]} Rd6 {[%clk 0:24:29]} 25. Rc1 {[%clk 0:48:01]} Kb6
{[%clk 0:24:46]} 26. Nf1 {[%clk 0:43:40]} Bd5 {[%clk 0:17:26]} 27. Ng3
{[%clk 0:43:06]} hxg4 {[%clk 0:17:34]} 28. hxg4 {[%clk 0:43:00]} Be3
{[%clk 0:16:05]} 29. Nf5 {[%clk 0:40:47]} Bxe4 {[%clk 0:15:55]} 30. dxe4
{[%clk 0:40:15]} Bxc1 {[%clk 0:09:40]} 31. Nxd6 {[%clk 0:40:39]} Bf4
{[%clk 0:10:04]} 32. Rc2 {[%clk 0:39:30]} Rd8 {[%clk 0:09:00]} 33. Nc8+
{[%clk 0:36:36]} Kb5 {[%clk 0:07:51]} 34. Ne7 {[%clk 0:34:36]} Rd1+
{[%clk 0:06:44]} 35. Ka2 {[%clk 0:34:55]} Rd3 {[%clk 0:06:55]} 36. Rc7
{[%clk 0:33:34]} Rxf3 {[%clk 0:04:49]} 37. Rxb7+ {[%clk 0:32:47]} Kc4
{[%clk 0:04:47]} 38. Nc6 {[%clk 0:32:05]} Kd3 {[%clk 0:02:57]} 39. Nxa5
{[%clk 0:31:27]} Kxe4 {[%clk 0:03:22]} 40. Nc4 {[%clk 0:31:36]} Kd5
{[%clk 0:03:22]} 41. Rb4 {[%clk 0:31:27]} e4 {[%clk 0:03:20]} 42. Nb6+
{[%clk 0:31:44]} Kc6 {[%clk 0:03:09]} 43. Na4 {[%clk 0:28:20]} e3
{[%clk 0:02:11]} 44. Nc3 {[%clk 0:28:20]} Be5 {[%clk 0:02:27]} 45. Ne2
{[%clk 0:26:25]} Rf2 {[%clk 0:02:36]} 46. Rc4+ {[%clk 0:26:42]} Kd5
{[%clk 0:02:53]} 47. Rc2 {[%clk 0:26:51]} Ke4 {[%clk 0:03:10]} 48. Kb3
{[%clk 0:26:10]} Kf3 {[%clk 0:03:06]} 49. Nc1 {[%clk 0:23:52]} Rd2
{[%clk 0:02:53]} 50. a4 {[%clk 0:23:42]} Kxg4 {[%clk 0:02:21]} 51. a5
{[%clk 0:23:47]} Kf3 {[%clk 0:02:47]} 52. a6 {[%clk 0:24:07]} Bd4
{[%clk 0:03:00]} 53. Rc7 {[%clk 0:22:11]} Rxb2+ {[%clk 0:02:47]} 54. Ka3
{[%clk 0:22:19]} Rb6 {[%clk 0:02:54]} 0-1

[Event "H. C. Andersen Mind Games"]
[Site "?"]
[Date "2012.05.17"]
[Round "3.17"]
[White "Wilton, 2151, Lars"]
[Black "Heinemann, 1885, Guido"]
[Result "1/2-1/2"]
[BlackElo "1885"]
[WhiteElo "2151"]

1. c4 {[%clk 1:30:54]} e6 {[%clk 1:30:53]} 2. Nc3 {[%clk 1:30:58]} b6
{[%clk 1:31:17]} 3. d4 {[%clk 1:28:38]} Bb7 {[%clk 1:31:41]} 4. Nf3
{[%clk 1:26:16]} Bb4 {[%clk 1:31:11]} 5. g3 {[%clk 1:21:06]} Bxf3
{[%clk 1:27:17]} 6. exf3 {[%clk 1:19:01]} Bxc3+ {[%clk 1:27:37]} 7. bxc3
{[%clk 1:19:21]} Ne7 {[%clk 1:27:53]} 8. Bg2 {[%clk 1:19:38]} c6 {[%clk 1:25:55]}
9. a4 {[%clk 1:16:59]} d5 {[%clk 1:20:40]} 10. f4 {[%clk 1:06:59]} Nd7
{[%clk 1:20:38]} 11. O-O {[%clk 1:07:10]} Rc8 {[%clk 1:19:51]} 12. Qe2
{[%clk 1:03:26]} O-O {[%clk 1:18:21]} 13. a5 {[%clk 1:02:43]} c5 {[%clk 1:16:09]}
14. cxd5 {[%clk 1:01:44]} Nxd5 {[%clk 1:14:45]} 15. Bxd5 {[%clk 0:55:13]} exd5
{[%clk 1:14:58]} 16. Qb5 {[%clk 0:52:29]} Nf6 {[%clk 1:12:38]} 17. Be3
{[%clk 0:47:01]} Qe8 {[%clk 1:03:47]} 18. Qb2 {[%clk 0:42:27]} Qe6
{[%clk 1:01:18]} 19. Rfe1 {[%clk 0:37:59]} Rfe8 {[%clk 0:55:11]} 20. Qd2
{[%clk 0:29:24]} Ne4 {[%clk 0:53:25]} 21. Qd3 {[%clk 0:29:46]} c4
{[%clk 0:52:40]} 22. Qc2 {[%clk 0:29:59]} Qf5 {[%clk 0:46:04]} 23. axb6
{[%clk 0:27:28]} axb6 {[%clk 0:46:16]} 24. Ra2 {[%clk 0:27:26]} Qg4
{[%clk 0:44:47]} 25. Kg2 {[%clk 0:27:07]} Nd6 {[%clk 0:43:39]} 26. f3
{[%clk 0:25:50]} Qd7 {[%clk 0:40:33]} 27. g4 {[%clk 0:25:52]} Ra8
{[%clk 0:39:15]} 28. f5 {[%clk 0:25:10]} f6 {[%clk 0:35:30]} 29. Rxa8
{[%clk 0:23:50]} Rxa8 {[%clk 0:35:51]} 30. Bf4 {[%clk 0:23:39]} Nb5
{[%clk 0:33:15]} 31. Bd2 {[%clk 0:17:17]} Re8 {[%clk 0:29:31]} 1/2-1/2

[Event "H. C. Andersen Mind Games"]
[Site "?"]
[Date "2012.05.17"]
[Round "3.18"]
[White "Hansen, 1905, Ib Lynaes"]
[Black "Christiansen, 2151, Jens Jorgen"]
[Result "0-1"]
[BlackElo "2151"]
[WhiteElo "1905"]

1. d4 {[%clk 1:30:57]} d5 {[%clk 1:30:55]} 2. Nf3 {[%clk 1:31:20]} Nf6
{[%clk 1:31:19]} 3. g3 {[%clk 1:31:35]} c6 {[%clk 1:31:16]} 4. Bg2
{[%clk 1:31:59]} Bf5 {[%clk 1:31:17]} 5. Nbd2 {[%clk 1:31:17]} Nbd7
{[%clk 1:31:28]} 6. O-O {[%clk 1:30:13]} e6 {[%clk 1:27:19]} 7. b3
{[%clk 1:27:11]} Be7 {[%clk 1:26:08]} 8. c4 {[%clk 1:25:41]} h6 {[%clk 1:25:25]}
9. a4 {[%clk 1:25:49]} a5 {[%clk 1:24:01]} 10. Ba3 {[%clk 1:22:54]} Bxa3
{[%clk 1:23:43]} 11. Rxa3 {[%clk 1:23:18]} Qe7 {[%clk 1:24:07]} 12. Ra2
{[%clk 1:22:27]} O-O {[%clk 1:23:28]} 13. Re1 {[%clk 1:21:35]} Ne4
{[%clk 1:18:35]} 14. Nxe4 {[%clk 1:20:09]} Bxe4 {[%clk 1:18:55]} 15. Nh4
{[%clk 1:18:57]} Bxg2 {[%clk 1:18:22]} 16. Nxg2 {[%clk 1:19:07]} Qb4
{[%clk 1:17:02]} 17. Qd2 {[%clk 1:16:20]} Qxb3 {[%clk 1:11:59]} 18. Rb2
{[%clk 1:12:53]} Qxa4 {[%clk 1:11:30]} 19. Rxb7 {[%clk 1:13:09]} Nf6
{[%clk 1:11:51]} 20. c5 {[%clk 1:12:29]} Rab8 {[%clk 1:08:21]} 21. Ra7
{[%clk 1:07:46]} Rb4 {[%clk 1:03:41]} 22. e3 {[%clk 1:05:36]} Ne4
{[%clk 1:02:16]} 23. Qe2 {[%clk 1:03:55]} Rfb8 {[%clk 0:55:53]} 24. Nf4
{[%clk 0:55:09]} R4b7 {[%clk 0:48:58]} 25. Qa6 {[%clk 0:49:45]} Rb1
{[%clk 0:44:59]} 26. Rxb1 {[%clk 0:40:44]} Rxb1+ {[%clk 0:45:21]} 27. Kg2
{[%clk 0:41:10]} Qd1 {[%clk 0:37:18]} 28. Ne2 {[%clk 0:35:23]} Qh1+
{[%clk 0:36:56]} 29. Kh3 {[%clk 0:35:45]} Nxf2+ {[%clk 0:37:17]} 30. Kh4
{[%clk 0:35:52]} Qxh2# {[%clk 0:37:43]} 0-1

[Event "H. C. Andersen Mind Games"]
[Site "?"]
[Date "2012.05.17"]
[Round "3.22"]
[White "Nielsen, 1998, Brian"]
[Black "Sorensen, 1993, Alex"]
[Result "0-1"]
[BlackElo "1993"]
[WhiteElo "1998"]

1. Nf3 {[%clk 1:30:52]} f5 {[%clk 1:29:11]} 2. g3 {[%clk 1:29:49]} Nf6
{[%clk 1:28:50]} 3. Bg2 {[%clk 1:30:06]} d6 {[%clk 1:28:35]} 4. d4
{[%clk 1:28:34]} g6 {[%clk 1:28:38]} 5. O-O {[%clk 1:28:01]} Bg7 {[%clk 1:29:00]}
6. c4 {[%clk 1:27:21]} O-O {[%clk 1:29:07]} 7. Nc3 {[%clk 1:26:27]} Qe8
{[%clk 1:27:47]} 8. d5 {[%clk 1:22:20]} a5 {[%clk 1:23:21]} 9. Nd4
{[%clk 1:18:55]} Na6 {[%clk 1:23:14]} 10. Nb3 {[%clk 1:16:08]} a4
{[%clk 1:19:41]} 11. Nd4 {[%clk 1:14:20]} Nc5 {[%clk 1:19:27]} 12. Rb1
{[%clk 1:04:55]} Nfe4 {[%clk 1:11:57]} 13. Nxe4 {[%clk 0:59:36]} Nxe4
{[%clk 1:07:45]} 14. Be3 {[%clk 0:51:59]} e5 {[%clk 1:04:20]} 15. dxe6
{[%clk 0:45:57]} Bxe6 {[%clk 1:02:26]} 16. Bxe4 {[%clk 0:43:07]} fxe4
{[%clk 1:02:38]} 17. Nxe6 {[%clk 0:37:43]} Qxe6 {[%clk 1:02:40]} 18. Qd5
{[%clk 0:31:05]} Qxd5 {[%clk 1:02:39]} 19. cxd5 {[%clk 0:30:36]} c5
{[%clk 1:02:40]} 20. Bf4 {[%clk 0:26:20]} Ra6 {[%clk 1:00:50]} 21. b4
{[%clk 0:22:32]} axb3 {[%clk 0:58:34]} 22. Rxb3 {[%clk 0:22:32]} Rf5
{[%clk 0:54:26]} 23. Rd1 {[%clk 0:20:23]} g5 {[%clk 0:52:35]} 24. Be3
{[%clk 0:19:40]} b6 {[%clk 0:44:52]} 25. g4 {[%clk 0:18:51]} Re5 {[%clk 0:43:05]}
26. a3 {[%clk 0:17:41]} Bf6 {[%clk 0:42:55]} 27. Bc1 {[%clk 0:17:02]} Bd8
{[%clk 0:41:52]} 28. Bb2 {[%clk 0:16:39]} Re8 {[%clk 0:41:57]} 29. Rh3
{[%clk 0:15:13]} b5 {[%clk 0:34:50]} 30. Kg2 {[%clk 0:15:00]} Be7
{[%clk 0:33:48]} 31. Rb3 {[%clk 0:14:16]} Rb6 {[%clk 0:32:58]} 32. Rb1
{[%clk 0:13:35]} Kf7 {[%clk 0:31:49]} 33. Bc3 {[%clk 0:12:26]} Reb8
{[%clk 0:31:34]} 34. Bd2 {[%clk 0:12:25]} Kg6 {[%clk 0:30:04]} 35. Re3
{[%clk 0:11:35]} Bf6 {[%clk 0:28:46]} 36. Rxe4 {[%clk 0:11:45]} Be5
{[%clk 0:24:43]} 37. h3 {[%clk 0:08:52]} Rc8 {[%clk 0:22:27]} 38. Rb3
{[%clk 0:08:05]} c4 {[%clk 0:20:15]} 39. Rf3 {[%clk 0:08:24]} c3 {[%clk 0:18:38]}
40. Bc1 {[%clk 0:08:31]} Bf4 {[%clk 0:18:12]} 41. e3 {[%clk 0:08:37]} Be5
{[%clk 0:18:19]} 42. Rb4 {[%clk 0:08:23]} Ra8 {[%clk 0:14:44]} 43. Rb3
{[%clk 0:08:00]} b4 {[%clk 0:13:58]} 44. e4 {[%clk 0:06:44]} Rab8
{[%clk 0:12:44]} 45. axb4 {[%clk 0:04:48]} Rxb4 {[%clk 0:12:57]} 46. Rxb4
{[%clk 0:02:56]} Rxb4 {[%clk 0:12:53]} 47. Rd3 {[%clk 0:01:44]} Rb1
{[%clk 0:12:36]} 48. Be3 {[%clk 0:01:57]} Re1 {[%clk 0:09:48]} 49. h4
{[%clk 0:01:24]} c2 {[%clk 0:08:29]} 50. Bxg5 {[%clk 0:01:45]} c1=Q
{[%clk 0:08:25]} 51. Bxc1 {[%clk 0:02:11]} Rxc1 {[%clk 0:08:35]} 52. Rd2
{[%clk 0:02:20]} Re1 {[%clk 0:08:17]} 53. f3 {[%clk 0:02:47]} Bf4
{[%clk 0:08:03]} 54. Rc2 {[%clk 0:02:47]} h6 {[%clk 0:07:12]} 55. Ra2
{[%clk 0:03:08]} Rd1 {[%clk 0:07:25]} 56. Re2 {[%clk 0:02:45]} Kf6
{[%clk 0:06:42]} 57. Rc2 {[%clk 0:02:40]} Rd2+ {[%clk 0:06:18]} 58. Rxd2
{[%clk 0:03:05]} Bxd2 {[%clk 0:06:43]} 59. Kg3 {[%clk 0:03:19]} Be1+
{[%clk 0:06:19]} 60. Kh3 {[%clk 0:03:41]} Ke5 {[%clk 0:06:34]} 61. g5
{[%clk 0:03:45]} hxg5 {[%clk 0:03:25]} 62. hxg5 {[%clk 0:04:11]} Kf4
{[%clk 0:03:31]} 63. e5 {[%clk 0:01:00]} Kxe5 {[%clk 0:03:26]} 64. Kg4
{[%clk 0:01:27]} Bd2 {[%clk 0:02:36]} 65. g6 {[%clk 0:01:24]} Bh6
{[%clk 0:02:05]} 66. Kh5 {[%clk 0:00:36]} Bg7 {[%clk 0:02:24]} 67. Kg5
{[%clk 0:00:37]} Bf6+ {[%clk 0:00:37]} 68. Kh6 {[%clk 0:00:34]} Kxd5
{[%clk 0:01:01]} 69. g7 {[%clk 0:00:33]} Bxg7+ {[%clk 0:01:26]} 70. Kxg7
{[%clk 0:00:59]} Ke5 {[%clk 0:01:45]} 71. Kg6 {[%clk 0:00:50]} Kf4
{[%clk 0:02:04]} 72. Kf6 {[%clk 0:01:03]} d5 {[%clk 0:02:27]} 0-1

[Event "H. C. Andersen Mind Games"]
[Site "?"]
[Date "2012.05.17"]
[Round "3.24"]
[White "Valembois, 1316, Pierre"]
[Black "Munksgaard, 1877, Daniel"]
[Result "0-1"]
[BlackElo "1877"]
[WhiteElo "1316"]

1. g4 {[%clk 1:30:31]} d5 {[%clk 1:30:46]} 2. Bg2 {[%clk 1:30:48]} c6
{[%clk 1:30:58]} 3. g5 {[%clk 1:28:51]} e5 {[%clk 1:29:22]} 4. d3
{[%clk 1:28:51]} Bc5 {[%clk 1:27:25]} 5. Nf3 {[%clk 1:26:52]} Qc7
{[%clk 1:26:35]} 6. Nbd2 {[%clk 1:25:13]} Ne7 {[%clk 1:23:08]} 7. h4
{[%clk 1:25:08]} Be6 {[%clk 1:20:39]} 8. Bh3 {[%clk 1:25:24]} Bxh3
{[%clk 1:20:44]} 9. Rxh3 {[%clk 1:25:29]} Nd7 {[%clk 1:20:32]} 10. e4
{[%clk 1:25:00]} O-O-O {[%clk 1:17:24]} 11. h5 {[%clk 1:25:01]} f5
{[%clk 1:13:55]} 12. Nh4 {[%clk 1:24:44]} fxe4 {[%clk 1:12:18]} 13. dxe4
{[%clk 1:24:50]} Rhf8 {[%clk 1:11:26]} 14. Ndf3 {[%clk 1:23:12]} dxe4
{[%clk 1:11:08]} 15. g6 {[%clk 1:16:28]} exf3 {[%clk 1:10:07]} 16. h6
{[%clk 1:15:56]} Nb6 {[%clk 1:00:21]} 17. Bd2 {[%clk 1:10:06]} Nxg6
{[%clk 0:54:24]} 18. Nxg6 {[%clk 1:09:29]} hxg6 {[%clk 0:54:11]} 19. h7
{[%clk 1:08:01]} e4 {[%clk 0:50:33]} 20. c3 {[%clk 1:07:34]} Nc4 {[%clk 0:46:23]}
21. Qb3 {[%clk 1:06:35]} Qd7 {[%clk 0:45:26]} 22. Rd1 {[%clk 1:05:42]} Qxh3
{[%clk 0:45:48]} 23. Qxc4 {[%clk 1:03:11]} Rd3 {[%clk 0:42:20]} 24. Qxd3
{[%clk 1:01:08]} exd3 {[%clk 0:42:29]} 25. Be3 {[%clk 1:00:25]} Bxe3
{[%clk 0:41:57]} 26. fxe3 Qg2 27. Rxd3 {[%clk 0:59:32]} Qe2# 0-1

[Event "H. C. Andersen Mind Games"]
[Site "?"]
[Date "2012.05.17"]
[Round "3.26"]
[White "Andersen, 1493, Bjarne"]
[Black "Rasmussen, 1708, Jens"]
[Result "1/2-1/2"]
[BlackElo "1708"]
[WhiteElo "1493"]

1. e4 {[%clk 1:30:57]} c5 {[%clk 1:29:57]} 2. Bc4 {[%clk 1:31:18]} e6
{[%clk 1:29:53]} 3. Qe2 {[%clk 1:31:40]} a6 {[%clk 1:29:02]} 4. a4
{[%clk 1:31:29]} Nc6 {[%clk 1:28:35]} 5. c3 {[%clk 1:31:33]} Ne5 {[%clk 1:26:39]}
6. Bb3 {[%clk 1:30:39]} Qc7 {[%clk 1:25:44]} 7. Nf3 {[%clk 1:26:33]} c4
{[%clk 1:24:22]} 8. Bc2 {[%clk 1:26:04]} Ng6 {[%clk 1:24:36]} 9. d3
{[%clk 1:25:13]} cxd3 {[%clk 1:23:48]} 10. Bxd3 {[%clk 1:24:43]} Bd6
{[%clk 1:22:47]} 11. Nbd2 {[%clk 1:18:49]} Nf4 {[%clk 1:21:12]} 12. Qf1
{[%clk 1:18:12]} Nf6 {[%clk 1:18:08]} 13. Nc4 {[%clk 1:12:35]} Nxd3+
{[%clk 1:11:12]} 14. Qxd3 {[%clk 1:12:41]} Be7 {[%clk 1:10:43]} 15. O-O
{[%clk 1:10:25]} O-O {[%clk 1:10:05]} 16. e5 {[%clk 1:07:09]} Nd5 17. Ne3
{[%clk 1:04:02]} Nf4 {[%clk 1:08:47]} 18. Qc2 {[%clk 1:01:26]} b6
{[%clk 1:06:59]} 19. Ng4 {[%clk 1:00:44]} Ng6 {[%clk 1:05:24]} 20. Re1
{[%clk 0:53:05]} Bb7 {[%clk 1:05:13]} 21. Qe2 {[%clk 0:49:30]} Qc6
{[%clk 1:01:50]} 22. Rd1 {[%clk 0:46:52]} h5 {[%clk 0:59:57]} 23. Ne3
{[%clk 0:46:30]} Nf4 {[%clk 0:55:58]} 24. Qc4 {[%clk 0:45:24]} Ng6
{[%clk 0:38:34]} 25. Qxc6 {[%clk 0:42:16]} Bxc6 {[%clk 0:38:08]} 26. Nc4
{[%clk 0:39:37]} Rab8 {[%clk 0:36:27]} 27. Rd3 {[%clk 0:34:21]} b5
{[%clk 0:34:17]} 28. axb5 {[%clk 0:31:21]} Bxb5 {[%clk 0:32:37]} 29. b3
{[%clk 0:30:25]} Rfc8 {[%clk 0:30:11]} 30. Rd4 {[%clk 0:26:05]} Bc5
{[%clk 0:29:08]} 31. Re4 {[%clk 0:26:08]} Bc6 {[%clk 0:28:34]} 32. Re1
{[%clk 0:24:34]} Rxb3 {[%clk 0:27:22]} 33. Na5 {[%clk 0:23:08]} Rxc3
{[%clk 0:26:40]} 34. Nxc6 {[%clk 0:23:01]} Rxc6 {[%clk 0:26:46]} 35. Rd1
{[%clk 0:21:19]} Rc2 {[%clk 0:24:19]} 36. Be3 {[%clk 0:18:39]} Bxe3
{[%clk 0:21:12]} 37. fxe3 {[%clk 0:19:00]} Rb2 {[%clk 0:19:31]} 38. Rxd7
{[%clk 0:18:18]} Rcc2 {[%clk 0:18:27]} 39. Rd8+ {[%clk 0:17:26]} Kh7
{[%clk 0:18:03]} 40. Ng5+ {[%clk 0:14:46]} Kh6 {[%clk 0:17:02]} 41. Nxf7+
{[%clk 0:14:14]} 1/2-1/2

[Event "H. C. Andersen Mind Games"]
[Site "?"]
[Date "2012.05.17"]
[Round "3.28"]
[White "Christensen, 1151, Kristen Bjorn"]
[Black "Nielsen, 1616, Thomas"]
[Result "0-1"]
[BlackElo "1616"]
[WhiteElo "1151"]

1. d4 {[%clk 1:30:54]} e6 {[%clk 1:30:49]} 2. e3 {[%clk 1:30:56]} d5
{[%clk 1:31:13]} 3. Bd3 {[%clk 1:31:01]} Bd6 {[%clk 1:31:33]} 4. Nd2
{[%clk 1:29:52]} Nd7 {[%clk 1:31:57]} 5. c3 {[%clk 1:28:41]} Qg5 {[%clk 1:31:29]}
6. Qf3 {[%clk 1:27:57]} c5 {[%clk 1:31:14]} 7. Nh3 {[%clk 1:25:13]} Qf6
{[%clk 1:31:16]} 8. O-O {[%clk 1:21:49]} Qxf3 {[%clk 1:30:32]} 9. Nxf3
{[%clk 1:21:44]} c4 {[%clk 1:30:55]} 10. Bc2 {[%clk 1:21:53]} Ngf6
{[%clk 1:31:15]} 11. Ba4 {[%clk 1:21:46]} a6 {[%clk 1:30:47]} 12. Bxd7+
{[%clk 1:20:40]} Nxd7 {[%clk 1:30:57]} 13. Re1 {[%clk 1:16:24]} O-O
{[%clk 1:29:30]} 14. e4 {[%clk 1:12:48]} dxe4 {[%clk 1:28:45]} 15. Rxe4
{[%clk 1:12:45]} b5 {[%clk 1:29:03]} 16. Re3 {[%clk 1:08:49]} Bb7
{[%clk 1:29:05]} 17. Ne5 {[%clk 1:05:42]} Nxe5 {[%clk 1:29:24]} 18. dxe5
{[%clk 1:05:53]} Bc5 {[%clk 1:29:50]} 19. Re2 {[%clk 1:05:05]} Rad8
{[%clk 1:30:13]} 20. Bd2 {[%clk 1:03:46]} Rd3 {[%clk 1:30:19]} 21. Be3
{[%clk 0:56:45]} Bxe3 {[%clk 1:30:33]} 22. fxe3 {[%clk 0:56:56]} Rfd8
{[%clk 1:30:44]} 23. Nf2 {[%clk 0:57:10]} Rd2 {[%clk 1:30:25]} 24. Rxd2
{[%clk 0:53:12]} Rxd2 {[%clk 1:30:50]} 25. b3 {[%clk 0:50:16]} Bd5
{[%clk 1:30:12]} 26. e4 {[%clk 0:50:13]} cxb3 {[%clk 1:26:44]} 27. exd5
{[%clk 0:46:26]} Rxa2 {[%clk 1:27:05]} 0-1

[Event "H. C. Andersen Mindgames"]
[Site "?"]
[Date "2012.05.18"]
[Round "4.1"]
[White "Smith, 2483, IM Axel"]
[Black "Danielsen, 2498, GM Henrik"]
[Result "0-1"]
[LiveChessVersion "1.3.1"]
[BlackElo "2498"]
[WhiteElo "2483"]

1. d4 d6 2. Nf3 Bg4 3. e4 Nd7 4. h3 Bh5 5. Nc3 e5 6. d5 Ngf6 7. Bd3 Be7 8. g4 Bg6
9. Qe2 c6 10. dxc6 bxc6 11. h4 h5 12. g5 Nh7 13. Be3 Nhf8 14. Bc4 Nb6 15. O-O-O
Nxc4 16. Qxc4 Qc8 17. Ne1 Ne6 18. Nd3 O-O 19. f4 exf4 20. Nxf4 Nxf4 21. Bxf4 Rd8
22. Be3 Qb7 23. Rh2 Rab8 24. b3 d5 25. Qa4 Bb4 26. Bd4 dxe4 27. Be5 Rxd1+ 28.
Nxd1 Rd8 29. Ne3 Bc5 30. Re2 Qe7 31. Bc3 Qe6 32. Kb2 Kh7 33. Qc4 Qe7 34. b4 Rb8
35. Ka3 Bxe3 36. Rxe3 a5 37. Qd4 axb4+ 0-1